| 000 | 00611nam a2200217 a 4500 | ||
|---|---|---|---|
| 001 | 592 | ||
| 003 | BD-RjUL | ||
| 005 | 20211208233214.0 | ||
| 008 | 131118s1993 ii | |f|| 000 0 eng d | ||
| 020 |
_a8170001617 _c: Rs. 425.00 |
||
| 035 | _a(BD-RjUL)610 | ||
| 040 |
_aBD-RjUL _beng _cBD-RjUL _dBD-RjUL |
||
| 041 | _aeng | ||
| 082 | 0 | 4 |
_a025.435 _bSEH 1993 _223 |
| 100 | 1 |
_aSehgal, R. L. _91818 |
|
| 245 | 1 | 0 |
_aHandbook of colon classification / _cR.L. Sehgal. |
| 260 |
_aNew Delhi : _bEss Ess Publications , _c1993. |
||
| 300 |
_axii, 285 p. ; _c18 cm. |
||
| 650 | 7 |
_aColon classification. _91272 |
|
| 942 |
_2ddc _cBK |
||
| 999 |
_c592 _d592 |
||